The summer I turned pretty / (Record no. 49677)
| 000 -LEADER | |
|---|---|
| fixed length control field | 01046nam a2200145 4500 |
| 020 ## - INTERNATIONAL STANDARD BOOK NUMBER | |
| International Standard Book Number | 9781416968290 |
| 100 ## - MAIN ENTRY--PERSONAL NAME | |
| Personal name | Han, Jenny |
| 9 (RLIN) | 78663 |
| 245 ## - TITLE STATEMENT | |
| Title | The summer I turned pretty / |
| Statement of responsibility, etc | Jenny Han. |
| 260 ## - PUBLICATION, DISTRIBUTION, ETC. (IMPRINT) | |
| Place of publication, distribution, etc | New York: |
| Name of publisher, distributor, etc | Simon & Schuster |
| Date of publication, distribution, etc | 2017. |
| 300 ## - PHYSICAL DESCRIPTION | |
| Extent | 276 p. |
| Dimensions | 20 cm. |
| 490 ## - SERIES STATEMENT | |
| Series statement | Summer series; 1 |
| 520 ## - SUMMARY, ETC. | |
| Summary, etc | Belly measures her life in summers. Everything good, everything magical happens between the months of June and August. Winters are simply a time to count the weeks until the next summer, a place away from the beach house, away from Susannah, and most importantly, away from Jeremiah and Conrad. They are the boys that Belly has known since her very first summer—they have been her brother figures, her crushes, and everything in between. But one summer, one wonderful and terrible summer, the more everything changes, the more it all ends up just the way it should have been all along. |
| 650 ## - SUBJECT ADDED ENTRY--TOPICAL TERM | |
| Topical term or geographic name as entry element | Coming of age. Interpersonal relations. Beaches. Summer. Vacation homes. Friendship. |
| Form subdivision | Fiction. |
| 9 (RLIN) | 86795 |
| 942 ## - ADDED ENTRY ELEMENTS (KOHA) | |
| Source of classification or shelving scheme | |
| Koha item type | YA FIC BOOKS |
| Withdrawn status | Lost status | Source of classification or shelving scheme | Damaged status | Not for loan | Collection code | Home library | Current library | Shelving location | Date acquired | Total Checkouts | Full call number | Barcode | Date last seen | Date checked out | Price effective from | Koha item type |
|---|---|---|---|---|---|---|---|---|---|---|---|---|---|---|---|---|
| SECONDARY | Asian Hope Secondary Library | Asian Hope Secondary Library | SECONDARY | 10/28/2025 | 2 | YA FIC HAN BK.1 | 208757 | 03/24/2026 | 03/04/2026 | 10/28/2025 | YA FIC BOOKS |